01778nam a2200445 i 450000100060000000300080000600500170001400600190003100700150005000800410006502000270010603500230013303500240015603500250018003500220020504000310022705000250025808000120028308200150029510000250031024501900033526400490052530000400057433600310061433700330064533800430067850000230072158801270074459001640087165000240103565000220105965000260108165000150110765500270112270000360114970000490118579700190123485600620125399900170131580159FlNmELB20241217151730.0m o d | cr cnu||||||||141102s2007 cu o 001 0 spa d a9789591603982 (e book) a(MiAaPQ)EBC3174804 a(Au-PeEL)EBL3174804 a(CaPaEBR)ebr10179605 a(OCoLC)1010606676 aFINmELBbspaerdacFINmELB 4aHD9502.A2bP944 2007 a339,1330 a333.792231 aPérez Ones, Osney.10aEstrategia de análisis para lograr un uso más eficiente de la energía en destilerías de alcohol /cOsney Pérez Ones, Osvaldo Gozá León, Héctor Pérez de Alejo Victoria. 1aLa Habana :bEditorial Universitaria,c2007. a1 recurso en línea (81 páginas) atextobtxt2rdacontent/spa acomputadorabc2rdamedia/spa arecurso en líneabcr2rdacarrier/spa aContiene índice. aDescripción basada en recurso en línea; Título de la página del título en PDF (e-libro, visto november 2, 2014). aRecurso electrónico. Santa Fe, Arg.: e-libro, 2015. Disponible vía World Wide Web. El acceso puede estar limitado para las bibliotecas afiliadas a e-libro. 0aEnergy consumption. 0aAlcohol industry. 4aConsumo de energía. 4aIndustria. 4aLibros electrónicos.1 aGozá León, Osvaldo,eautor.1 aPérez de Alejo Victoria, Héctor,eautor.2 ae-libro, Corp.40uhttps://elibro.net/ereader/politecnicointernacional/71311 c80159d80159